LEADER 01218cam0-22004211i-450- 001 990000289580403321 005 20090313104314.0 035 $a000028958 035 $aFED01000028958 035 $a(Aleph)000028958FED01 035 $a000028958 100 $a20020821g19531954km-y0itay50------ba 101 0 $aeng 102 $aUS 105 $aa-------001yy 200 1 $a<>dynamics and thermodynamics of compressible fluid flow$fby Ascher H. Shapiro 210 $aNew York$cRonald Press Co.$dc1953-1954 215 $a2 v. (XIII; XI, 1185 p.)$cill.$d23 cm 610 0 $aFluidi$aDinamica 676 $a620 676 $a532 700 1$aShapiro,$bAscher H. 801 0$aIT$bUNINA$gRICA$2UNIMARC 901 $aBK 912 $a990000289580403321 952 $a00 A329$b1660$fDETEC 952 $a13 B 34 02$b29370$fFINBC 952 $a13 B 34 01$b27588/a$fFINBC 952 $a13 F 12 25$b29369$fFINBC 952 $a04 161-5/2$bOPV IRC 171/L-I$fDINCH 952 $a13 F 12 26$b29371$fFINBC 952 $a13 B 34 03$b27588/b$fFINBC 952 $a13 B 34 04$b29372$fFINBC 952 $a04 161-5/1$bOPV IRC 171/L$fDINCH 959 $aFINBC 959 $aDINCH 959 $aDETEC 997 $aUNINA LEADER 00759nam0-22002651i-450- 001 990006763670403321 005 20001010 035 $a000676367 035 $aFED01000676367 035 $a(Aleph)000676367FED01 035 $a000676367 100 $a20001010d--------km-y0itay50------ba 101 0 $aita 105 $ay-------001yy 200 1 $aAFRICA$eil continente dei rifugiati$ela partecipazione italiana ai programmi dell' Alto Commissariato delle Nazioni Unite peri Rifugiati 210 $aRoma$cACNUR$d1988. 215 $a80 p. ill. 23x24 cm 801 0$aIT$bUNINA$gRICA$2UNIMARC 901 $aBK 912 $a990006763670403321 952 $aXIV E 3652$b15908$fFSPBC 959 $aFSPBC 996 $aAfrica$9156039 997 $aUNINA DB $aGEN01 LEADER 00819nam0 2200277 450 001 9910223057403321 005 20171108144440.0 010 $a978-88-97109-38-9 100 $a20171108d2015----km y0itay50 ba 101 1 $aita$ceng 102 $aIT 105 $a 001yy 200 1 $aStoria sociale della pirateria$fMarcus Rediker$gprefazione di Giulio Giorello 210 $aMilano$cShake$d[2015] 215 $a334 p.$d23 cm 454 0$12001$aBetween the devil and the deep blue sea$9627695 610 0 $aPirateria 676 $a364.164$v22$zita 700 1$aRediker,$bMarcus$0254938 801 0$aIT$bUNINA$gREICAT$2UNIMARC 901 $aBK 912 $a9910223057403321 952 $a364.164 RED 1$b4494$fBFS 959 $aBFS 996 $aBetween the devil and the deep blue sea$9627695 997 $aUNINA LEADER 00970nam0-2200289 --450 001 9910562301003321 005 20220509094340.0 010 $a978-88-8016-702-0 100 $a20220509d2007----kmuy0itay5050 ba 101 0 $aita 102 $aIT 105 $aa ac 001yy 200 1 $aVilla Arbusto e il suo parco$eCentro Culturale Polivalente sede del Museo Archeologico$eLacco Ameno - Isola d'Ischia$fMaurizio Di Stefano 210 $aRoma$cDe Luca Editori d'Arte$d2007 215 $a247 p.$cill.$d34 cm$e1 opuscolo 300 $aL'opuscolo in tasca alla fine è un riassunto in inglese 610 0 $aLacco Ameno$aMuseo archeologico 610 0 $aLacco Ameno$aVilla Arbusto 676 $a712.5094573 700 1$aDi Stefano,$bMaurizio$024010 801 0$aIT$bUNINA$gREICAT$2UNIMARC 901 $aBK 912 $a9910562301003321 952 $aSEZ.NA C 1465$b189/2022$fFARBC 959 $aFARBC 996 $aVilla Arbusto e il suo parco$92836249 997 $aUNINA LEADER 04891nam 2200625Ia 450 001 9910966727003321 005 20251117115717.0 010 $a1-280-08416-2 010 $a9786610084166 010 $a1-4175-4490-2 024 7 $a10.1596/0-8213-5800-6 035 $a(CKB)111098478194390 035 $a(OCoLC)70720975 035 $a(CaPaEBR)ebrary10065777 035 $a(SSID)ssj0000333509 035 $a(PQKBManifestationID)11242248 035 $a(PQKBTitleCode)TC0000333509 035 $a(PQKBWorkID)10355285 035 $a(PQKB)10590208 035 $a(MiAaPQ)EBC3050729 035 $a(Au-PeEL)EBL3050729 035 $a(CaPaEBR)ebr10065777 035 $a(CaONFJC)MIL8416 035 $a(The World Bank)1455 035 $a(US-djbf)1455 035 $a(EXLCZ)99111098478194390 100 $a19960710d2004 uf 0 101 0 $aeng 135 $aurcn||||||||| 181 $ctxt$2rdacontent 182 $cc$2rdamedia 183 $acr$2rdacarrier 200 10$aAnnual World Bank Conference on Development Economics 2004 $eaccelerating development /$fedited by Francois Bourguignon and Boris Pleskovic 205 $a1st ed. 210 $aWashington, D.C. $cThe World Bank$dc2004 215 $a1 online resource (287 pages) 225 1 $aWorld Bank Latin American and Caribbean studies. Proceedings 300 $aBibliographic Level Mode of Issuance: Monograph 311 08$a0-8213-5800-6 327 $aIntro -- Contents -- ABOUT THIS BOOK -- INTRODUCTION -- OPENING ADDRESS -- KEYNOTE ADDRESSES -- Building Human Capital for Economic Development -- Opportunities for India in a Changing World -- Infrastructure Development in India: Emerging Challenges -- Fostering Entrepreneurship, Innovation, and Growth -- Entrepreneurship, Innovation, and Growth -- Toward a Microeconomics of Growth -- COMMENTS -- Gur Ofer -- Sidney Winter -- Challenges of Development in Lagging Regions -- World Poverty: Causes and Pathways -- Development Strategy: Transition and Challenges of Development in Lagging Regions -- COMMENTS -- Govinda Rao -- Karen R. Polenske -- Participation, Inclusion, and Results -- Community-Based Development in the Context of Within-Group Heterogeneity -- Inclusiveness, Accountability, and Effectiveness of Development Assistance in Sub-Saharan Africa -- COMMENTS -- Rohini Nayyar -- Vijayendra Rao -- Scaling Up and Evaluation -- Using Randomized Experiments and Structural Models for Scaling Up: Evidence from the PROGESA Evaluation -- Scaling Up and Evaluation -- COMMENTS -- François Bourguignon -- T. Paul Schultz. 330 3 $aThe Annual Bank Conference on Development Economics (ABCDE) is one of the world's best known series of conferences for the presentation and discussion of new knowledge about development. First held at World Bank headquarters in Washington D.C. in 1988, the ABCDE has become broader in scope as the world's economies have become more interconnected and challenges have become more complex. Presenting the proceedings of the May 2003 World Bank Annual Bank Conference on Development Economics (ABCDE), the volume imparts new research findings and discussions on key policy issues related to poverty reduction by eminent scholars and practitioners from around the world. Topics include Fostering Entrepreneurship, Innovation and Growth; Challenges of Development in Lagging Regions; Participation, Inclusion and Results and Scaling Up and Evaluation. Contributors to the volume include, Nicholas Stern, Senior Vice President and Chief Economist of the World Bank; Azim Hasham Premji, Chairman of Bangalore's Wipro Corporation; Francois Bourguignon of the Ecole des Hautes Etudes en Sciences Sociales, Possiy, France; Partha Dasgupta of Cambridge University; Justin Lin of Hong Kong University; Rakesh Mohan, Deputy Governor of the Reserve Bank of India; Jean Philippe Platteau of the University of Namur, Belgium; Karen Polenske of the Massachusetts Institute of Technology; T. N. Srinivasan, of Yale University; and Anthony Venables of the London School of Economics. The Annual World Bank Conference on Development Economics 2004 is a critical reference guide for development research and will be of interest to practitioners and those studying international development and poverty reduction. 410 0$aWorld Bank Latin American and Caribbean studies.$pProceedings. 606 $aDevelopment economics$vPeriodicals 607 $aDeveloping countries$xEconomic conditions$vPeriodicals 607 $aDeveloping countries$xEconomic policy$vPeriodicals 615 0$aDevelopment economics 701 $aBourguignon$b Franc?ois$0374856 701 $aPleskovic$b Boris$0126701 801 0$bMiAaPQ 801 1$bMiAaPQ 801 2$bMiAaPQ 906 $aBOOK 912 $a9910966727003321 996 $aAnnual World Bank Conference on Development Economics 2004$94532097 997 $aUNINA